Sports Quiz

Random Sports or Soccer Quiz
Score 0/20 Timer 02:00
0 Plays Today
% Correct
7
93%
10
89.5%
9
83.9%
8
79.5%
3
75.4%
11
71.9%
7
71.4%
6
70.2%
5
66.7%
3
65.8%
% Correct
14
62.3%
21
59.6%
23
57.1%
26
55.3%
13
47.4%
32
47.4%
18
45.6%
21
37.7%
13
36%
69
21.4%
Remove Ads.
Support Sporcle.
Get the best of Sporcle when you Go Orange. This ad-free experience offers more features, more stats, and more fun while also helping to support Sporcle. Thank you for becoming a member.

You're not logged in!

Compare scores with friends on all Sporcle quizzes.
OR
Log In

Show Comments

Extras

Created Oct 4, 2019ReportNominateIcon Source: Lionel Messi
Tags:Soccer Quiz

Top Quizzes Today


Score Distribution

Your Account Isn't Verified!

In order to create a playlist on Sporcle, you need to verify the email address you used during registration. Go to your Sporcle Settings to finish the process.

Report this User

Report this user for behavior that violates our Community Guidelines.

Details: